Evaluation of Antioxidant and Antimicrobial Activity of Wine from Various Sources (Record no. 233664)
[ view plain ]
| 000 -LEADER | |
|---|---|
| fixed length control field | 00786nam a2200145Ia 4500 |
| 008 - FIXED-LENGTH DATA ELEMENTS--GENERAL INFORMATION | |
| fixed length control field | 231221s9999 xx 000 0 und d |
| 041 ## - LANGUAGE CODE | |
| Language code of text/sound track or separate title | English |
| 082 ## - DEWEY DECIMAL CLASSIFICATION NUMBER | |
| Classification number | JNBT16-1129 |
| 100 ## - MAIN ENTRY--PERSONAL NAME | |
| Personal name | Sasmita Sabat. Chaitra, L N. Ranjitha, R. |
| 245 #0 - TITLE STATEMENT | |
| Title | Evaluation of Antioxidant and Antimicrobial Activity of Wine from Various Sources |
| 260 ## - PUBLICATION, DISTRIBUTION, ETC. | |
| Date of publication, distribution, etc. | 2016 |
| 500 ## - GENERAL NOTE | |
| General note | Evaluation of Antioxidant and Antimicrobial Activity of Wine from Various Sources Sasmita Sabat, L.N.Chaitra and R.Ranjitha Department of Biotechnology, PES Institute of Technology, 100 Feet Road, Banashankari III Stage, Bangalore 560085, India International of Current Microbiology & Applied Sciences, 2016, Vol 5(3). 26-35 |
| 650 ## - SUBJECT ADDED ENTRY--TOPICAL TERM | |
| Topical term or geographic name entry element | Evaluation,Antioxidant,Antimicrobial,Activity,Wine,Various,Sources |
| 942 ## - ADDED ENTRY ELEMENTS (KOHA) | |
| Koha item type | Institutional repository |
| Date last seen | Total checkouts | Full call number | Accession number | Price effective from | Category | Lost status | Damaged status | Department | Withdrawn status | Home library | Current library | Shelving location | Entry date | Grants | Currency symbol | Conversion rate | Discount | Old discount |
|---|---|---|---|---|---|---|---|---|---|---|---|---|---|---|---|---|---|---|
| 26/01/2024 | JNBT16-1129 | IR1129 | 26/01/2024 | Institutional repository | BT | Central Library | Central Library | Central Library | BT | RS | 1 |
